000 00399nam a2200145Ia 4500
008 150201s1996 xx 000 0 und d
082 _a617.601
_bC1999S
100 _aSIKRI,VIMAL
245 _aCOMMUNITY DENTISTRY
250 _a1ST
260 _bC.B.S PUBLISHERS & DISTRIBUTERS
_aDARYAGANJ (NEW DELHI)
_c1996
300 _a1-668
650 _aPREVENTIVE AND COMMUNITY DENTISTRY
942 _2ddc
_cBK
_01
999 _c2732
_d2732